Online katalóg knižníc regiónu Turca

To bola naša láska / (Record no. 21028)

MARC details
000 -LEADER
fixed length control field 00655nam a22002171 4500
001 - CONTROL NUMBER
control field 21028
003 - CONTROL NUMBER IDENTIFIER
control field CZ PrNK
005 - DATE AND TIME OF LATEST TRANSACTION
control field 20260210154338.0
008 - FIXED-LENGTH DATA ELEMENTS--GENERAL INFORMATION
fixed length control field 020202s1974 xo slo
040 ## - CATALOGING SOURCE
Original cataloging agency ABA001
Language of cataloging cze
Transcribing agency ABA001
Modifying agency ABA001
041 1# - LANGUAGE CODE
Language code of text/sound track or separate title slo
Language code of original fre
100 1# - MAIN ENTRY--PERSONAL NAME
Personal name Susini, Marie
Relationship aut
245 10 - TITLE STATEMENT
Title To bola naša láska /
Statement of responsibility, etc. [Autorka:] Marie Susiniová ; Z franc. orig. C`était cela notre amour prel. Michaela Jurovská
250 ## - EDITION STATEMENT
Edition statement 1. vyd.
260 ## - PUBLICATION, DISTRIBUTION, ETC.
Place of publication, distribution, etc. Bratislava :
Name of publisher, distributor, etc. Tatran,
Date of publication, distribution, etc. 1974
300 ## - PHYSICAL DESCRIPTION
Extent 155 s. :
Other physical details il., ;
Dimensions
490 1# - SERIES STATEMENT
Series statement Hviezdoslavova knižnica
830 #0 - SERIES ADDED ENTRY--UNIFORM TITLE
Uniform title Hviezdoslavova knižnica
910 ## - USER-OPTION DATA (OCLC)
User-option data ABA001
942 ## - ADDED ENTRY ELEMENTS (KOHA)
Source of classification or shelving scheme Dewey Decimal Classification
Koha item type Krásna literatúra pre dospelých
Suppress in OPAC No
Holdings
Stav vyradenia Strata Poškodenie Spôsob nadobudnutia Domovská knižnica Aktuálna knižnica Dátum nadobudnutia Total checkouts Čiarový kód exemplára Date last seen Typ exemplára
      Dar Obecná knižnica Horná Štubňa Obecná knižnica Horná Štubňa 10.02.2026   4736201203 10.02.2026 Krásna literatúra pre dospelých
Projekt je podporený Slovenskou asociáciou knižníc
Prevádzkuje Turčianska knižnica Martin 2026